000 00632nam a22002417a 4500
003 UA-OsUOA
001 96063
007 ta
008 20130314b un ||||| |||| 00| 0 ukr d
100 _aКрал В.
090 _a821.162.3
_bК17
942 _cBK
040 _aUA-OsUOA
_brus
_cUA-OsUOA
_dUA-OsUOA
245 _aДни, которые потрясли Чехословакию
300 _a384 с.
955 _a3
041 _arus
080 _a821.162.3
260 _aМ.
_bПрогресс
_c1980
044 _aRU
650 7 _a82 Література. Літературознавство
_2UDC
999 _c382309
_d382309